000 01364nam a22003617a 4500
003 CHAP
005 20230607094542.0
008 090331s2008 mx r 00010 spa d
010 _a95956
011 _a96928
035 _a107585
040 _cCHAP
090 _aTesis
100 1 _aJuárez Bravo, Juana Eliud.
_962387
245 1 0 _aUso de ecuaciones alométricas para estimar biomasa y carbono de Alnus jorullensis H.B.K. ssp. jorullensis en bosques mezclados de Tequexquináhuac, Texcoco, Estado de México
_c/por Juana Eliud Juárez Bravo
260 _aChapingo, Méx. :
_bEl autor,
_c2008
300 _avi, 64 h. :
_bilus., cuadros, gráfs.
502 _aTesis (Ing. Forestal) -- UACH. División de Ciencias Forestales
590 _aALEPH
_b10
_c20130110
590 _aBATCH-UPD
_b10
_c20130110
590 _aBATCH-UPD
_b10
_c20130410
590 _aBATCH-UPD
_b10
_c20130914
590 _aCONVERSION
_b10
_c20130109
650 1 4 _aBiomasa.
_912825
650 1 7 _aDióxido de carbono
_xEfecto en clima
_2
_912847
650 1 4 _aCambios climáticos.
_917792
650 1 4 _aCarbono
_xEfecto en plantas.
_918831
650 1 4 _aMedidas forestales.
_973926
901 _aBK
942 _cFOLL
_2ddc
949 _aTesis
_bBC
_cTES
_d33724002088587
_eTS1
_gDonaciØn
_h49045
_i107585
_sb
949 _aTesis
_bBC
_cTES
_d33724002088629
_eTS2
_fc.2
_gDonaciØn
_h49046
_i107585
_sb
999 _c95956
_d95956